00297nam a22001097a 450000500170000000800410001710000180005824500270007625000080010326000340011165000420014520250507114302.0250507b |||||||| |||| 00| 0 eng d aDr.K.Syamalan aStatistics in Medicine a3rd bGlobal Education Bureauc2019 vphysiotherapyxStatistics in Medicine